| 000 | 01408nam0a2200349 4500 | ||
|---|---|---|---|
| 001 | RU\NLR\bibl\1190217 | ||
| 005 | 20250615095045.0 | ||
| 010 |
_a978-5-17-033543-5 _bАСТ (ШзШ |
||
| 010 |
_a978-5-271-12776-2 _bАстрель (ШзШ |
||
| 010 |
_a978-5-17-032981-6 _bАСТ (CIG |
||
| 010 |
_a978-5-271-12483-9 _bАстрель (CIG _91500 |
||
| 021 |
_aRU _b2007-91792 _94960 |
||
| 035 | _a(NLR Aleph) 001176774 | ||
| 090 |
_a1631988 _c1631988 |
||
| 100 | _a20080219d2007 |||y0rusy50 ca | ||
| 101 | 1 |
_arus _ceng |
|
| 102 | _aRU | ||
| 105 | _aa ||||||||| | ||
| 200 | 1 |
_aХимия _e[легкие для понимания объяснения понятий, вводимых в курсе химии, подробное описание различных химических уравнений, доступные любому задачи с решениями] _fЯн Гач _g[пер. с англ. А. Банкрашкова] |
|
| 210 |
_aМосква _cАСТ _cАстрель _d2007 |
||
| 215 |
_aXXIV, 355 c. _cил. _d21 |
||
| 225 | 1 | _aШаг за шагом | |
| 225 | 1 | _aПолное руководство | |
| 320 | _aАлф. указ.: с. 343-355 | ||
| 606 | 1 |
_aХимия _9898913 _3RU\NLR\auth\666296 |
|
| 686 | _aГ | ||
| 700 | 1 |
_aГач _bЯ. _gЯн _4070 |
|
| 801 | 0 |
_aRU _bNLR _c20080219 _gRCR |
|
| 801 | 1 |
_aRU _bNLR _c20080219 |
|
| 942 | _cBOOK | ||
| 980 | _aNB | ||